000 00604nam a2200193Ia 4500
005 20260114185853.0
008 008 260114s9999 xx 000 0 eng d
020 _a9798216013280
037 _aEBOOK
040 _aCRL
_beng
_cCRL
041 _aeng
_2eng
084 _qCRL
100 _aCaroline Heldman, Meredith Conroy, Alissa R. Ackerman
_9875418
245 0 _aSex and Gender in the 2016 Presidential Election
260 _bBloomsbury
_c2018
856 _uhttps://doi.org/10.5040/9798216013280?locatt=label:secondary_bloomsburyCollections
942 _cEBOOK
999 _c1474352
_d1474352